000 00623nam a2200229Ia 4500
003 OSt
005 20220923225916.0
006 a|||||r|||| 00| 0
007 ta
008 Pun
024 _a275,775
037 _cTextual
040 _aARTS
_cARTS
_bPun
041 _2Pun
_aPun
082 _aO153,1N172,14, K8
100 _aਸਿੰਘ, ਬਿFਨ, ਉਪਾਸਕ
_9168856
245 0 _aਰਾਤਾਂ ਜਾਗਣ
260 _c1968
650 _aਪੰਜਾਬੀ ਸਾਹਿਤ
942 _hO153,1N172,14, K8
_cTEXL
_2CC
999 _c381220
_d381220